000 00744nam a2200265 a 4500
999 _c11763
_d11763
001 11763
003 BD-JhCC
005 20200903083712.0
008 200903b20122019enka|||| ||a| 001 0 eng d
020 _a9780241323069
035 _a(BD-JhCC)11763
040 _aBD-JhCC
_dBD-JhCC
041 _aeng
082 _a611
_bWAL 2019
100 _aWalker,Richard
245 _aHuman Body:
_bA Children's Encyclopedia /
_cRichard Walker, John Woodward, Sheila Brown, Ben Morgan
260 _aLondon:
_bDorling Kindersley Limited;
_c 2019.
300 _a256 p. :
_bill;
_c26 cm.
651 _aHuman anatomy
_zHuman body
700 _a Woodward,john
700 _a Brown,Sheila
700 _aMorgan,Ben
942 _2ddc
_cBK